| 000 | 01193nam a2200337 i 4500 | ||
|---|---|---|---|
| 001 | 16861 | ||
| 003 | ES-MaACL | ||
| 005 | 20230906151419.0 | ||
| 007 | t| | ||
| 008 | 001115s1997 sp ||||1| spa d | ||
| 020 | _a84-88006-31-4 | ||
| 080 | _a73 Lozano, Pablo (064.3) | ||
| 080 | _a73 Martínez, Joaquín (064.3) | ||
| 080 | _a77 Ryan, Robert (064.3) | ||
| 080 | _a791.862(0:7)(064.3) | ||
| 245 | 0 | 0 |
_aOtras tauromaquias : _b[exposición] / _cPablo Lozano, Joaquín Martínez, Robert Ryan. |
| 260 |
_a[Madrid] : _bCentro Cultural del Conde Duque, _c1997. |
||
| 300 |
_a133 p. : _bprincipalmente il. col. y n. ; _c23 cm. |
||
| 600 | 1 | 4 |
_aLozano, Pablo- _vExposiciones. _974424 |
| 600 | 1 | 4 |
_aMartínez, Joaquín- _vExposiciones. _977759 |
| 600 | 1 | 4 |
_aRyan, Robert- _vExposiciones. _9101099 |
| 650 | 4 |
_aCorridas de toros- _xEn el arte- _vExposiciones. _9151512 |
|
| 655 | 7 |
_2tgfbne _9193628 _aCatálogos de exposiciones |
|
| 700 | 1 |
_aLozano, Pablo. _9173398 |
|
| 700 | 1 |
_aMartínez, Joaquín. _977758 |
|
| 700 | 1 |
_aRyan, Robert. _9173399 |
|
| 710 | 2 |
_aCentro Cultural del Conde Duque. _92579 |
|
| 852 |
_aES-MaACL _jA-10575 |
||
| 942 | _2udc | ||
| 999 |
_c16861 _d16861 |
||